Представление документа в формате RUSMARC

ПолеНазваниеЗначение
  Тип записи c
  Библиографический уровень m
001 Контрольный номер RU/УОНБ/EK_N/322860332
005 Дата корректировки 20250520122324.8
010 Индекс ISBN __
9 Тираж 8000 экз.
013 Номер (ISMN) __
d Цена 1 р. 40 к.
071 Издательские номер (звукозапись и ноты) 21
a Номер, присвоенный агентством 14312
100 Данные общей обработки __
a Данные общей обработки 20131003d1990 u y0rusy0103||||ca
101 Язык документа 0_
a Язык текста rus
f Язык титульного листа rus
102 Страна публикации __
a Страна публикации RU
125 Кодированные данные звукозаписи и нотных изданий __
a Форма изложения нотного текста с|
128 Кодированные данные (звукозаписи-физические характеристики) __
a Кодированные данные: Музыкальная форма и тональность или лад ar
a Кодированные данные: Музыкальная форма и тональность или лад li
c Инструменты или голоса, рекомендуемые для солистов (устаревшее) vf||
c Инструменты или голоса, рекомендуемые для солистов (устаревшее) ka||
200 Заглавие и сведения об ответственности 1_
a Заглавие Арии, романсы и песни из репертуара Ф. И. Шаляпина
b Общее обозначение материала [Ноты]
e Сведения, относящиеся к заглавию для баса в сопровожд. фп.
f Первые сведения об ответственности исп. Ф. И. Шаляпин
g Последующие сведения об ответственности авт. вступ. статьи Е. Дмитриевская
210 Выходные данные 1_
a Место издания Москва
c Издательство Музыка
d Дата издания 1990
215 Физическое описание __
a Объем 96 c.
c Иллюстрации/тип воспроизводства портр.
d Формат 29 см
225 Серия 1_
a Серия Из репертуара выдающихся певцов
300 Общие примечания __
a Общие примечания Текст на рус., итал., фр. и нем. яз.
327 Примечание о содержании 11
a Примечание о содержании Содерж. : Глинка М. Рондо Фарлафа из оперы "Руслан и Людмила". - Верстовский А. Песня Неизвестного из оперы "Аскольдова могила". - Мусоргский М. Песня Варлаама из оперы "Борис Годунов". - Аренский А. Каватина Пустынника из оперы "Сон на Волге". - Моцарт В.А. Речитатив и ария Фигаро из оперы "Свадьба Фигаро" / пер. М. Слонова. - Гуно Ш. Заклинание цветов из оперы "Фауст" / пер. П. Калашникова. - Массне Ж. Серенада Дон Кихота из оперы "Дон Кихот" / пер. Ф. Шаляпина. - Бойто А. Баллада Мефистофеля (со свистом) из оперы "Мефистофель" / пер. Ф. Шаляпина и М. Слонова. - Глинка М. Ночной смотр : фантазия / сл. В. Жуковского. - Даргомыжский А. Мельник / сл. А. Пушкина. - Рубинштейн А. Клубится волною / рус. текст П. Чайковского. - Мусоргский М. Трепак / сл. А. Голенищева-Кутузова. - Римский-Корсаков Н. Ненастный день потух / сл. А. Пушкина. - Рахманинов С. Вчера мы встретились / сл. Я. Полонского. - Лишин Г. Она хохотала : баллада / сл. А. Майкова. - Мартини Ж.-П. Ария. - Шуберт Ф. Двойник / сл. Г. Гейне ; пер. М. Свободина. - Шуман Р. Я не сержусь / сл. Г. Гейне ; пер. Ф. Берга. - Шуман Р. Во сне я горько плакал / сл. Г. Гейне ; пер. М. Михайлова. - Массне Ж. Элегия / сл. Л. Галле. - Ноченька : рус. нар. песня / обраб. М. Слонова. - Дубинушка : рабочая песня / обраб. М. Слонова.
464 Аналитический уровень _0
1 2001
a Рондо Фарлафа
e О радость! Я знал, я чувствовал заране...
e из оперы "Руслан и Людмила"
1 700 1
a Глинка
b М.
1 50010
a Руслан и Людмила
464 Аналитический уровень _0
1 2001
a Песня Неизвестного
e В старину живали деды...
e из оперы "Аскольдова могила"
1 700 1
a Верстовский
b А.
1 50010
a Аскольдова могила
464 Аналитический уровень _0
1 2001
a Песня Варлаама
e Как во городе было во Казани...
e из оперы "Борис Годунов"
1 700 1
a Мусоргский
b М.
1 50010
a Борис Годунов
464 Аналитический уровень _0
1 2001
a Каватина Пустынника
e Года бегут, что день...
e из оперы "Сон на Волге"
1 700 1
a Аренский
b А.
1 50010
a Сон на Волге
464 Аналитический уровень _0
1 2001
a Речитатив и ария Фигаро
e Все уж готово, и час свиданья наступает...
e из оперы "Свадьба Фигаро"
1 700 1
a Моцарт
b В. А.
1 702 1
a Слонов
b М.
4 730
1 50010
a Свадьба Фигаро
464 Аналитический уровень _0
1 2001
a Заклинание цветов
e Спустилась тьма, и в этой тьме полночной...
e из оперы "Фауст"
1 700 1
a Гуно
b Ш.
1 702 1
a Калашников
b П.
4 730
1 50010
a Фауст
464 Аналитический уровень _0
1 2001
a Серенада Дон Кихота
e В тихий час ночи...
e из оперы "Дон Кихот"
1 700 1
a Массне
b Ж.
1 702 1
a Шаляпин
b Ф.
4 730
1 50010
a Дон Кихот
464 Аналитический уровень _0
1 2001
a Баллада Мефистофеля (со свистом)
e Я тот дух, что отрицает в этом мире вечно все...
e из оперы "Мефистофель"
1 700 1
a Бойто
b А.
1 702 1
a Шаляпин
b Ф.
4 730
1 702 1
a Слонов
b М.
4 730
1 50010
a Мефистофель
464 Аналитический уровень _0
1 2001
a Ночной смотр
e В двенадцать часов по ночам...
e фантазия
1 700 1
a Глинка
b М.
1 702 1
a Жуковский
b В.
4 520
464 Аналитический уровень _0
1 2001
a Мельник
e Возвратился ночью мельник...
1 700 1
a Даргомыжский
b А.
1 702 1
a Пушкин
b А.
4 520
464 Аналитический уровень _0
1 2001
a Клубится волною
e Клубится волною кипучею...
e из цикла "Двенадцать песен Мирзы Шафи"
1 700 1
a Рубинштейн
b А.
1 702 1
a Чайковский
b П.
4 730
1 50010
a Двенадцать песен Мирзы Шафи
1 50010
a Персидские песни
464 Аналитический уровень _0
1 2001
a Трепак
e Лес да поляны, безлюдье кругом...
e из цикла "Песни и пляски смерти"
1 700 1
a Мусоргский
b М.
1 702 1
a Голенищев-Кутузов
b А.
4 520
1 50010
a Песни и пляски смерти
464 Аналитический уровень _0
1 2001
a Ненастный день потух
e Ненастный день потух...
1 700 1
a Римский-Корсаков
b Н.
1 702 1
a Пушкин
b А.
4 520
464 Аналитический уровень _0
1 2001
a Вчера мы встретились
e Вчера мы встретились...
1 700 1
a Рахманинов
b С.
1 702 1
a Полонский
b Я.
4 520
464 Аналитический уровень _0
1 2001
a Она хохотала
e Ее в грязи он подобрал...
e баллада
1 700 1
a Лишин
b Г.
1 702 1
a Майков
b А.
4 520
464 Аналитический уровень _0
1 2001
a Ария
e восторг любви, увы, лишь миг один...
1 700 1
a Мартини
b Ж.-П.
464 Аналитический уровень _0
1 2001
a Двойник
e Город усну4л спокойно...
1 700 1
a Шуберт
b Ф.
1 702 1
a Гейне
b Г.
4 520
1 702 1
a Свободин
b М.
4 730
464 Аналитический уровень _0
1 2001
a Я не сержусь
e Я не сержусь, пусть больно...
1 700 1
a Шуман
b Р.
1 702 1
a Гейне
b Г.
4 520
1 702 1
a Берг
b Ф.
4 730
464 Аналитический уровень _0
1 2001
a Во сне я горько плакал
e Во сне я горько плакал...
1 700 1
a Шуман
b Р.
1 702 1
a Гейн
b Г.
4 520
1 702 1
a Михайлов
b М.
4 730
464 Аналитический уровень _0
1 2001
a Элегия
e О, где же вы, дни любви...
1 700 1
a Массне
b Ж.
1 702 1
a Галле
b Л.
4 520
464 Аналитический уровень _0
1 2001
a Ноченька
e Ах ты, ноченька...
e рус. нар. песня
1 702 1
a Слонов
b М.
4 030
464 Аналитический уровень _0
1 2001
a Дубинушка
e Много песен слыхал я в родной стороне...
e рабочая песня
1 702 1
a Слонов
b м.
4 030
512 Заглавие обложки 1_
a Заглавие обложки Арии, романсы и песни из репертуара Ф. И. Шаляпина
600 Персоналии _1
a Персоналии (Фамилия) Шаляпин Ф.
606 Тематические рубрики 0_
a Основная рубрика Вокальные произведения
x Основная подрубрика Отрывки из опер
x Основная подрубрика Романсы и песни
x Основная подрубрика Бас (голос)
610 Ключевые слова 0_
a Ключевые слова бас (голос)
686 Индексы других классификаций __
a Классификационный индекс 85.943.3-42я43
2 Код системы rubbk
686 Индексы других классификаций __
a Классификационный индекс 85.943,8
2 Код системы rubbk
702 Вторичная интеллектуальная ответственность _1
a Фамилия Шаляпин
b Имя (инициалы) Ф. И.
g Полное личное имя Федор Иванович
4 Код отношения 590
702 Вторичная интеллектуальная ответственность _1
a Фамилия Дмитревская
b Имя (инициалы) Е.
4 Код отношения 080
801 Источник записи _0
a Страна RU
b Организация Ульяновская государственная областная научная библиотека им. В. И. Ленина
c Дата составления 20131003
g Правила каталогизации PSBO
801 Источник записи _1
a Страна RU
b Организация Ульяновская государственная областная научная библиотека им. В. И. Ленина
c Дата составления 20131003
901 Тип документа __
t Тип документа m
909 Создатель записи __
a Создатель записи Зиновьева Г. А.
938 Служебная информация __
a Имя БД noti
b Имя библиотеки УОНБ
c Имя АИБС МАРК-SQL
d Номер DOC_ID в БД 2054